| 000 | 00000nam##2200000za#4500 |
| 001 | 9.615760 |
| 003 | CaOODSP |
| 005 | 20210615101256 |
| 007 | ta |
| 008 | 150406|2001||||xxc||||| f|0| 0 eng|d |
| 040 | |aCaOODSP|beng |
| 043 | |an-cn--- |
| 086 | 1 |aNH18-22/100-130E |
| 110 | 2 |aCanada Mortgage and Housing Corporation. |
| 245 | 10|aAirtightness of concrete basement slabs |
| 260 | |aOttawa - Ontario : |bCanada Mortgage and Housing Corporation |c2001. |
| 300 | |a4p. : |bgraphs ; |c28 cm. |
| 490 | 1 |aResearch highlight. Technical series |v00-130 |
| 563 | |aPamphlet |
| 590 | |a01-37|b2001-09-14 |
| 690 | 07|aConstruction materials|2gcpds |
| 690 | 07|aHousing|2gcpds |
| 775 | 08|tÉtanchéité à l'air des dalles de sous-sol en béton |w(CaOODSP)9.625784 |
| 776 | 0#|tAirtightness of concrete basement slabs |w(CaOODSP)9.580802 |
| 830 | #0|aResearch highlight. Technical series ;|v00-130|w(CaOODSP)9.514826 |
| 986 | |aNHA 60975 |